000
00311nam a2200133Ia 4500
008
240624s9999 xx 000 0 und d
041
_a
eng
082
_a
823 DAS
100
_a
DASHNER JAMES
245
_a
FEVER CODE
260
_c
2017
_a
New Delhi
_b
Chicken House
300
_a
329 p.; 19 cm.
365
_c
RS
_b
30
999
_c
29502
_d
29502